[Event "2017 South African Open Ch"]
[Site "Durban"]
[Date "2017.07.18"]
[Round "7"]
[White "Skosana, Stephen K"]
[Black "Mazibuko, Khanya"]
[Result "1/2-1/2"]
[WhiteElo "2027"]
[BlackElo "1808"]
[Annotator "NA RC"]
[PlyCount "75"]
[EventDate "2017.??.??"]
[EventCountry "RSA"]
[SourceTitle "playchess.com"]
[Source "ChessBase"]
[SourceQuality "1"]
[TimeControl "5400+30"]

1. Nf3 {[%emt 0:00:00]} Nf6 {[%emt 0:04:27]} 2. b3 {[%emt 0:00:00]} g6 {[%emt 0:00:38]} 3. Bb2 {[%emt 0:00:00]} Bg7 {[%emt 0:00:09]} 4. c4 {[%emt 0:00:01]} d6 {[%emt 0:00:55]} 5. g3 {[%emt 0:01:28]} O-O {[%emt 0:01:12]} 6. Bg2 {[%emt 0:05:03]} Nc6 {[%emt 0:02:45] A15: English Opening: 1...Nf6} (6... e5 7. O-O Nbd7 8. Nc3 Re8 9. e3 c6 10. d4 e4 11. Nd2 d5 12. f3 exf3 13. Qxf3 Nb6 14. c5 Bg4 15. Qf4 Nbd7 16. e4 Be6 17. exd5 Nxd5 18. Nxd5 cxd5 19. b4 Nf6 20. Rae1 Qd7 21. Nf3 {0-1 (51) Malakhov,V (2713)-Amonatov,F (2620) Doha 2016}) 7. O-O {[%emt 0:00:26]} Rb8 {[%emt 0:00:42]} 8. Nc3 {[%emt 0:05:43]} a6 {[%emt 0:01:29]} 9. Rc1 {[%emt 0:04:09]} Ne4 $146 {[%emt 0:02:16]} ({Predecessor:} 9... e5 10. h3 Re8 11. d3 Bd7 12. Qd2 Nd4 13. Nd5 Nxf3+ 14. exf3 Nxd5 15. cxd5 {0-1 (26) Belov,N (2108)-Al Modiahki,M (2568) St Petersburg 2013}) 10. d3 {[%emt 0:05:14]} Nxc3 {[%emt 0:01:16]} 11. Bxc3 {[%emt 0:00:16]} Bxc3 {[%emt 0:00:09]} 12. Rxc3 {[%emt 0:00:17]} e5 {[%emt 0:00:12]} 13. a3 {[%emt 0:05:03]} Qf6 {[%emt 0:10:42]} 14. Nd2 {[%emt 0:02:06]} h5 {[%emt 0:04:02]} 15. Rc1 {[%emt 0:04:31]} Kg7 {[%emt 0:02:37]} 16. b4 {[%emt 0:02:44]} h4 {[%emt 0:03:19]} 17. Ne4 Qe7 {[%emt 0:03:22]} 18. Nc3 {[%emt 0:18:13]} Be6 {[%emt 0:03:19]} 19. e3 {[%emt 0:00:29]} Qd7 {[%emt 0:02:58]} 20. Nd5 {[%emt 0:05:42]} Rh8 {[%emt 0:15:41]} 21. d4 {[%emt 0:05:08]} Bh3 {[%emt 0:16:44]} ({Black should play} 21... Rbe8 $11) 22. Bxh3 {[%emt 0:03:07]} Qxh3 {[%emt 0:00:29]} 23. g4 {[%emt 0:00:33]} f5 {[%emt 0:00:18]} 24. gxf5 {[%emt 0:01:22]} gxf5 {[%emt 0:00:28]} (24... Qxf5 $14 25. dxe5 (25. Nxc7 Rhc8 $14) 25... dxe5) 25. Kh1 {[%emt 0:01:05]} Rbg8 {[%emt 0:00:40]} 26. Qe2 {[%emt 0:05:24]} ({But not} 26. Nxc7 $2 Kf7 $19) 26... f4 {[%emt 0:04:12] [#]} 27. f3 $18 {[%emt 0:01:23]} ({But not} 27. Nxc7 $2 f3 $19) 27... fxe3 {[%emt 0:03:16]} 28. dxe5 {[%emt 0:04:03]} dxe5 {[%emt 0:03:12]} 29. Qxe3 {[%emt 0:04:57]} Kf7 {[%emt 0:00:20]} 30. Rf2 {[%emt 0:01:11]} Rg3 {[%emt 0:04:26]} 31. Qe4 {[%emt 0:04:06]} Rhg8 {[%emt 0:02:00]} 32. Ne3 {[%emt 0:01:37]} R3g6 {[%emt 0:04:23]} 33. Ng4 {[%emt 0:01:09]} Rd8 {[%emt 0:01:02]} 34. b5 {[%emt 0:00:44]} Rgd6 {[%emt 0:00:30]} 35. Rff1 {[%emt 0:03:37]} Rd2 {[%emt 0:00:44]} 36. f4 {[%emt 0:00:46]} R8d4 {[%emt 0:01:34]} 37. fxe5+ {[%emt 0:00:26]} Kg7 {[%emt 0:00:40]} 38. Rf7+ 1/2-1/2

[Event "2017 South African Open Ch"]
[Site "Durban"]
[Date "2017.07.18"]
[Round "7"]
[White "Zwakala, Ntando"]
[Black "Masiya, Mfundo"]
[Result "1/2-1/2"]
[WhiteElo "2020"]
[BlackElo "1806"]
[Annotator "NA RC"]
[PlyCount "138"]
[EventDate "2017.??.??"]
[EventCountry "RSA"]
[SourceTitle "playchess.com"]
[Source "ChessBase"]
[SourceQuality "1"]
[TimeControl "5400+30"]

1. e4 {[%emt 0:00:00]} c5 {[%emt 0:00:04]} 2. c3 {[%emt 0:00:00]} d5 {[%emt 0:00:32]} 3. exd5 {[%emt 0:00:00]} Qxd5 {[%emt 0:00:07]} 4. d4 {[%emt 0:00:00]} Nf6 {[%emt 0:00:21]} 5. Nf3 {[%emt 0:00:05]} Bg4 {[%emt 0:00:20]} 6. Be2 {[%emt 0:00:24]} e6 {[%emt 0:00:16]} 7. O-O {[%emt 0:00:31]} Be7 {[%emt 0:00:15]} 8. Na3 {[%emt 0:01:39] B22: Sicilian: 2 c3} (8. h3 Bh5 9. Be3 cxd4 10. Nxd4 Bxe2 11. Qxe2 O-O 12. c4 Qd8 13. Nc3 Nbd7 14. Rfd1 Qc8 15. Ndb5 a6 16. Nd6 Qc6 17. Bf4 {1-0 (47) Mellado Trivino,J (2443)-Alonso Moyano,J (2402) Barcelona 2014}) 8... cxd4 {[%emt 0:01:45]} 9. Nb5 {[%emt 0:00:12]} Qd8 {[%emt 0:00:40]} 10. Nbxd4 {[%emt 0:00:56]} O-O {[%emt 0:00:19]} 11. h3 {[%emt 0:01:29]} Bh5 {[%emt 0:00:13]} 12. Qb3 {[%emt 0:00:16]} Qc8 {[%emt 0:02:43]} 13. Bg5 {[%emt 0:01:49]} h6 $146 {[%emt 0:02:54]} ({Predecessor:} 13... Nc6 14. Nxc6 bxc6 15. Qc4 Qb7 {1-0 (39) Jergler,K (2060)-Mauro,C (2050) Bayern 2002}) 14. Bh4 {[%emt 0:01:11]} Nbd7 {[%emt 0:02:39]} 15. Rad1 {[%emt 0:03:01]} Nc5 {[%emt 0:02:24]} 16. Qc4 {[%emt 0:07:51]} a6 {[%emt 0:05:42]} 17. a4 {[%emt 0:03:01]} Rd8 {[%emt 0:08:30]} 18. Rfe1 {[%emt 0:03:15]} Nce4 {[%emt 0:03:33]} 19. g4 {[%emt 0:15:53]} Bg6 {[%emt 0:02:29]} 20. Ne5 {[%emt 0:03:11]} Bh7 {[%emt 0:04:17]} 21. Qxc8 {[%emt 0:06:52]} Raxc8 {[%emt 0:00:32]} 22. Bd3 {[%emt 0:00:13]} g5 {[%emt 0:05:41]} 23. Bg3 {[%emt 0:00:31]} Nxg3 {[%emt 0:00:52]} 24. Bxh7+ {[%emt 0:00:19]} Nxh7 {[%emt 0:00:43]} 25. fxg3 {[%emt 0:00:20]} Nf6 {[%emt 0:00:17]} 26. Kg2 {[%emt 0:00:37]} Kg7 {[%emt 0:02:43]} 27. Rd3 {[%emt 0:14:02]} Bc5 {[%emt 0:08:28]} 28. Red1 {[%emt 0:04:35]} Rd5 {[%emt 0:09:14]} 29. Nef3 {[%emt 0:10:38]} (29. Nf5+ $5 Kh7 30. Rxd5 Nxd5 31. Nxf7 $11) 29... Rcd8 {[%emt 0:02:32]} 30. R3d2 {[%emt 0:01:00]} Kg8 {[%emt 0:03:34]} 31. Re2 $15 {[%emt 0:01:23]} b5 {[%emt 0:04:07]} 32. axb5 {[%emt 0:00:29]} axb5 {[%emt 0:00:06]} 33. Rf1 {[%emt 0:00:25]} Bxd4 {[%emt 0:09:52]} 34. Nxd4 {[%emt 0:01:00]} Ne8 {[%emt 0:00:45]} 35. Nc6 {[%emt 0:03:12]} R8d7 {[%emt 0:00:16]} 36. Ne5 {[%emt 0:01:21]} Rc7 {[%emt 0:01:16]} 37. Ra1 {[%emt 0:00:52]} Nd6 {[%emt 0:00:59]} 38. Nf3 {[%emt 0:00:56]} Rb7 {[%emt 0:01:06]} 39. Ne5 {[%emt 0:01:16]} Rc7 {[%emt 0:00:21]} 40. Ra8+ {[%emt 0:00:58]} Kg7 {[%emt 0:00:08]} 41. h4 {[%emt 0:01:43]} Nc4 {[%emt 0:00:55]} 42. Nf3 {[%emt 0:00:32]} Rb7 {[%emt 0:00:33]} 43. Ra1 {[%emt 0:02:30]} b4 {[%emt 0:03:03]} 44. b3 {[%emt 0:03:07]} Nd6 {[%emt 0:00:20]} 45. c4 {[%emt 0:00:20]} Rd3 {[%emt 0:00:25]} 46. Rd2 {[%emt 0:00:27]} Rxd2+ {[%emt 0:01:02]} 47. Nxd2 {[%emt 0:00:05]} Kf6 {[%emt 0:00:31]} 48. Ra6 {[%emt 0:01:07]} Ke7 {[%emt 0:02:42]} 49. Kf2 {[%emt 0:00:39]} f5 {[%emt 0:01:30]} 50. c5 Nf7 {[%emt 0:01:32]} 51. gxf5 {[%emt 0:01:46]} exf5 {[%emt 0:00:14]} 52. Nc4 {[%emt 0:00:32]} gxh4 {[%emt 0:00:30]} 53. gxh4 {[%emt 0:00:08]} Rc7 {[%emt 0:00:32]} 54. Ra5 {[%emt 0:01:02]} Ke6 {[%emt 0:01:24]} 55. Ke3 {[%emt 0:00:54]} Ne5 {[%emt 0:02:05]} 56. Nxe5 {[%emt 0:01:45]} Kxe5 {[%emt 0:00:08]} 57. c6+ {[%emt 0:00:41]} Kd6 {[%emt 0:02:26]} 58. Rxf5 {[%emt 0:00:23]} Kxc6 {[%emt 0:00:07]} 59. Kd4 {[%emt 0:00:40]} Kb6 {[%emt 0:03:13]} 60. Rf6+ {[%emt 0:00:16]} Kb5 {[%emt 0:00:12]} 61. Rxh6 {[%emt 0:01:44]} Rc3 {[%emt 0:00:05]} 62. Rh5+ {[%emt 0:00:22]} Kb6 {[%emt 0:00:08]} 63. Re5 {[%emt 0:00:48]} Rxb3 {[%emt 0:00:10]} 64. Kc4 {[%emt 0:00:15]} Rh3 {[%emt 0:00:31]} 65. h5 {[%emt 0:02:01]} Rh4+ {[%emt 0:00:09]} 66. Kb3 {[%emt 0:00:11]} Kc6 {[%emt 0:00:10]} 67. Rg5 {[%emt 0:00:16]} Kd7 {[%emt 0:00:35]} 68. Ka4 {[%emt 0:00:13]} Ke7 {[%emt 0:00:14]} 69. Rb5 {[%emt 0:00:43]} Kf7 {[%emt 0:00:17]} 1/2-1/2

[Event "2017 South African Open Ch"]
[Site "Durban"]
[Date "2017.07.18"]
[Round "7"]
[White "Tavagwisa, Lawrence"]
[Black "Makoto, Rodwell"]
[Result "0-1"]
[WhiteElo "1935"]
[BlackElo "2372"]
[Annotator "NA"]
[PlyCount "56"]
[EventDate "2017.??.??"]
[EventCountry "RSA"]
[SourceTitle "playchess.com"]
[Source "ChessBase"]
[SourceQuality "1"]
[TimeControl "5400+30"]

1. e4 {[%emt 0:00:00]} e5 {[%emt 0:00:02]} 2. Nf3 {[%emt 0:00:00]} Nc6 {[%emt 0:00:04]} 3. d4 {[%emt 0:00:13]} exd4 {[%emt 0:00:05]} 4. Bc4 {[%emt 0:00:15]} Nf6 {[%emt 0:00:25]} 5. e5 {[%emt 0:01:55] LiveBook: 1327 Games} Ne4 {[%emt 0:01:14]} 6. O-O {[%emt 0:03:22]} Be7 {[%emt 0:00:46]} 7. Qe2 {[%emt 0:02:23] C56: Two Knights: 4 d4 exd4 5 0-0 Nxe4} (7. Re1 d5 8. exd6 Nxd6 9. Bd5 O-O 10. Bxc6 bxc6 11. Nxd4 Qd7 12. Nc3 Bf6 13. Nb3 Qf5 14. Qd3 Qh5 15. Ne4 Nxe4 16. Qxe4 Be6 17. Qxc6 {0-1 (30) Wang,Y (2450)-Wei,Y (2696) Wuxi 2016}) 7... d5 {[%emt 0:01:43]} 8. Bb5 {[%emt 0:01:33]} Bg4 $146 {[%emt 0:02:21]} ({Predecessor:} 8... O-O 9. Bxc6 bxc6 10. Nxd4 Qd7 11. f4 Bc5 12. Be3 a5 13. Rf3 Ba6 14. Qe1 f5 {½-½ (67) Mraz,M (1958)-Laky,P (1972) Slovakia 2014}) 9. h3 {[%emt 0:05:01]} Bxf3 {[%emt 0:02:26]} 10. Qxf3 {[%emt 0:01:33]} O-O {[%emt 0:00:07]} 11. Bf4 {[%emt 0:02:09]} f6 {[%emt 0:01:11]} 12. Bxc6 {[%emt 0:05:51]} bxc6 {[%emt 0:01:36]} 13. Qd3 {[%emt 0:05:26]} c5 {[%emt 0:00:24]} 14. Nd2 {[%emt 0:09:52]} fxe5 {[%emt 0:01:44]} 15. Bxe5 {[%emt 0:00:44]} Nf6 {[%emt 0:09:30]} 16. Nf3 {[%emt 0:01:25]} Bd6 {[%emt 0:00:39]} 17. Qf5 {[%emt 0:05:19]} Bxe5 {[%emt 0:03:52]} 18. Nxe5 {[%emt 0:01:41]} Qc8 {[%emt 0:01:03]} 19. Qd3 {[%emt 0:05:22]} Qe6 {[%emt 0:02:08]} 20. Rfe1 {[%emt 0:03:14]} Ne4 {[%emt 0:02:19]} 21. Nf3 {[%emt 0:00:20]} Qf5 {[%emt 0:07:05]} 22. Re2 {[%emt 0:01:03]} Rab8 {[%emt 0:02:00]} 23. b3 {[%emt 0:00:28]} Rb6 {[%emt 0:01:03]} 24. Nd2 {[%emt 0:04:19]} Nc3 $19 {[%emt 0:02:57]} 25. Re7 {[%emt 0:07:03]} Qxf2+ {[%emt 0:00:48]} 26. Kh1 {[%emt 0:01:24]} Rg6 {[%emt 0:00:07]} 27. Rg1 {[%emt 0:00:22]} c4 {[%emt 0:02:40]} 28. bxc4 {[%emt 0:01:11]} Rg3 {[%emt 0:00:05]} 0-1

[Event "2017 South African Open Ch"]
[Site "Durban"]
[Date "2017.07.18"]
[Round "7"]
[White "Wilken, Justin Barend"]
[Black "De Abreu, Roberto N"]
[Result "1-0"]
[WhiteElo "1920"]
[BlackElo "2145"]
[Annotator "TA"]
[PlyCount "65"]
[EventDate "2017.??.??"]
[EventCountry "RSA"]
[SourceTitle "playchess.com"]
[Source "ChessBase"]
[SourceQuality "1"]

{[%evp 9,65,43,46,0,0,-69,-69,-62,-69,-68,-60,-73,-29,-32,-29,-114,66,27,660,676,653,655,693,91,405,376,350,236,222,226,472,473,459,469,445,395,662,652,631,607,675,578,654,556,598,597,604,597,589,585,608,611,1097,529,5585,2364,2195,2125]} 1. e4 {[%cal Be2e4,Be4e5][%mdl 32]} e6 2. d4 d5 3. Nc3 Bb4 4. Qd3 Nf6 5. e5 Ne4 $1 6. Nge2 {C15: French: 3 Nc3 Bb4: Unusual White 4th moves} (6. a3 Ba5 7. b4 Bb6 8. Nce2 f6 9. Nh3 fxe5 10. dxe5 Nc6 11. Bb2 a5 12. f3 Ng5 13. Nxg5 Qxg5 {½-½ (48) Yang,K (2370)-Yang,D (2473) Las Vegas 2015}) 6... c5 7. f3 (7. a3 $11 c4 8. Qf3) 7... Nxc3 $146 ({Predecessor:} 7... cxd4 8. Nxd4 Nxc3 9. bxc3 Be7 10. f4 Nd7 11. Qf3 O-O 12. Bd3 Bh4+ {0-1 (43) Grey,P (2005)-Traub,I (2119) San Francisco 2011}) 8. bxc3 {Black is slightly better.} Ba5 9. Bd2 b6 10. f4 Ba6 11. Qg3 g6 12. f5 (12. h4 $11 {keeps the balance.}) 12... Bxe2 $2 {[#]} (12... gxf5 $17 13. Qg7 Kd7) 13. Bxe2 cxd4 $2 {[%mdl 8192]} (13... gxf5 $11 14. O-O Kd7) 14. Bb5+ $18 Nd7 15. fxe6 fxe6 {[#]} 16. Qg4 $2 (16. O-O $1 $18 {is the precise move to win. Threatens to win with Bg5.} Qe7 17. Bg5) 16... Qe7 $2 {[%mdl 8192]} (16... O-O $16 {is a better chance.}) 17. O-O O-O-O 18. Ba6+ (18. Qxd4 Nc5 $11) 18... Kb8 19. Bg5 ({And not} 19. Qxd4 Nc5 $17) 19... Qc5 $2 (19... Qa3 {is a better defense.}) 20. cxd4 Qc6 21. Bxd8 Rxd8 22. a4 h5 $2 (22... Bc3 23. Ra2 h5) 23. Qh4 {White is clearly winning.} Qc7 24. Rf7 Bc3 25. Raf1 g5 26. Qf2 g4 27. Qe3 h4 28. Bb5 Bb2 29. Qd3 g3 30. h3 Ka8 31. Rb1 (31. Kh1 $142) 31... Ba3 32. Rxd7 (32. Qxa3 $142 a6 33. Rxd7 Rxd7 34. Bxd7 Qxd7 35. Rxb6 Qf7 36. Qf3 Qe8 37. Qd3) 32... Rxd7 33. Bxd7 {Precision: White = 31%, Black = 25%.} 1-0

[Event "2017 South African Open Ch"]
[Site "Durban"]
[Date "2017.07.18"]
[Round "7"]
[White "Naidu, Sayen"]
[Black "Mwale Joseph"]
[Result "1/2-1/2"]
[WhiteElo "1865"]
[BlackElo "2159"]
[Annotator "TA"]
[PlyCount "136"]
[EventDate "2017.??.??"]
[EventCountry "RSA"]
[SourceTitle "playchess.com"]
[Source "ChessBase"]
[SourceQuality "1"]

{[%evp 17,136,-30,0,-6,2,-68,-49,-57,-45,-33,53,48,96,82,87,94,84,94,110,111,190,124,104,92,159,181,280,266,297,191,156,198,239,238,291,294,468,462,443,426,491,494,479,479,509,147,203,200,203,206,199,196,197,196,192,189,206,217,214,196,188,0,166,0,164,158,153,153,153,153,159,0,136,0,164,143,189,183,229,237,251,141,156,0,249,246,246,217,242,72,189,14,14,15,68,0,14,0,69,0,8,0,0,0,0,0,0,0,0,0,0,0,0,0,0,0,0,0,0,0,0]} 1. d4 Nf6 2. c4 e6 3. Nf3 d5 4. g3 Be7 5. Bg2 O-O 6. O-O dxc4 7. Qc2 b5 8. a4 {E05: Open Catalan: 5 Nf3 Be7} b4 9. Qxc4 (9. Nfd2 c6 10. Nxc4 Qxd4 11. Rd1 Qc5 12. Nbd2 Ba6 13. b3 Nbd7 14. Bb2 Rad8 15. Rac1 Nb6 16. Bxf6 gxf6 {½-½ (30) Aronian,L (2797)-Nakamura,H (2767) Saint Louis 2014}) 9... Bb7 {LiveBook: 5 Games} (9... Ba6 $5 {[%cal Ra6c4]} 10. Qc2 Nbd7 $11) 10. Bf4 Nd5 11. a5 $146 (11. Ne5 $11) ({Predecessor:} 11. Rc1 Nxf4 12. gxf4 Nd7 13. Nbd2 c5 14. dxc5 Nxc5 15. Qc2 Rc8 {0-1 (32) Van Wely,L (2683)-Gurevich,D (2479) Orlando 2011}) 11... Nxf4 12. gxf4 Bd5 13. Qd3 f5 (13... c5 $15) 14. Ne5 $14 Bf6 15. Rc1 Bxe5 16. dxe5 Bxg2 17. Kxg2 Qxd3 18. exd3 c6 (18... Rc8 $16) 19. Ra4 (19. Nd2 $18) 19... Rd8 $16 20. Rxb4 Rxd3 (20... Na6 $142 21. Rb7 Rab8 22. Rxa7 Nb4) 21. Rb7 Kf8 {[#]} (21... h6 $142 22. Re7 Rd4) 22. Na3 $1 $18 Rd4 23. Kf3 g5 24. Rc4 Rd3+ 25. Ke2 Rd5 26. fxg5 {[%cal Bf4g5,Bg5g6][%mdl 32]} Rxe5+ (26... Kg8 {was called for.} 27. f4 c5) 27. Kf3 Na6 28. Rxc6 Rxa5 29. Rxh7 Kg8 30. g6 Re8 31. Rxa7 $2 (31. h4 $18 {has better winning chances.}) 31... Nb4 {[#]} (31... Nb8 $16 {keeps fighting.} 32. Rxa5 Nxc6) 32. Rxe6 $1 Rxe6 33. Rxa5 {[%mdl 4096] Endgame KRN-KRN} Nc6 34. Rd5 ({Don't take} 34. Rxf5 $6 Nd4+ 35. Kg4 Nxf5 $16) 34... Rxg6 35. Nc4 Rg4 36. Nd6 Rb4 37. Nxf5 Rxb2 38. Ne3 Rb4 39. Nf5 $2 (39. Rg5+ $18 Kf7 40. Kg3) 39... Kf7 $2 (39... Rb2 $1 $11 40. Rc5 Rb3+ 41. Kg4 Rb4+ 42. f4 Nd4) 40. Ne3 $2 (40. Kg3 $18) 40... Ke6 $2 (40... Kg8 $1 $11) 41. Rh5 Nd4+ 42. Kg2 Ne2 {Threatens to win with ...Nf4+.} 43. Rh6+ Ke5 44. Rh5+ Ke6 $1 {...Nf4+ is the strong threat.} 45. Rh6+ Ke5 46. Ra6 Rb1 47. Ra5+ Ke4 48. Ra4+ Ke5 49. Nc4+ ({White should try} 49. h4 $18) 49... Kf5 50. Ne3+ (50. Nd6+ $16 Kg6 51. Rg4+ Kh5 52. h3) 50... Ke5 51. h4 Rg1+ 52. Kh2 Rg8 53. Rg4 $2 (53. Ng4+ $18 Kd6 54. h5) 53... Rh8 (53... Rxg4 $16 54. Nxg4+ Kf4) 54. Ng2 $2 (54. f3 $18 Nf4 55. Kg3 Ne2+ 56. Kf2) 54... Rf8 $1 $11 55. Rg5+ Ke4 (55... Ke6 $1 $11) 56. Rg4+ (56. h5 $14) 56... Ke5 57. Rg5+ (57. h5 $11) 57... Ke4 $14 58. Rg4+ ({Better is} 58. h5 $14) 58... Kf3 {The position is equal.} 59. Rg5 Kxf2 60. h5 Ng1 {Hoping for ...Nf3+.} 61. Nh4 (61. Ra5 {is interesting.} Nf3+ 62. Kh3 Ng1+ 63. Kg4 Kxg2 64. Ra2+) 61... Nf3+ 62. Nxf3 Kxf3 $11 {KR-KR} 63. Rg3+ Kf4 64. Kh3 Rh8 65. Rg4+ Kf5 66. Kh4 Rh7 67. Rg5+ Kf6 68. Kg4 Rh8 {Precision: White = 44%, Black = 54%.} 1/2-1/2

[Event "2017 South African Open Ch"]
[Site "Durban"]
[Date "2017.07.18"]
[Round "7"]
[White "Rooplal, Desmond"]
[Black "Mosenya, Ndawana"]
[Result "1-0"]
[WhiteElo "1686"]
[BlackElo "2062"]
[Annotator "NA RC"]
[PlyCount "126"]
[EventDate "2017.??.??"]
[EventCountry "RSA"]
[SourceTitle "playchess.com"]
[Source "ChessBase"]
[SourceQuality "1"]
[TimeControl "5400+30"]

1. e4 {[%emt 0:03:43]} e6 {[%emt 0:01:24]} 2. d4 {[%emt 0:00:03]} d5 {[%emt 0:00:07]} 3. Nd2 {[%emt 0:00:06]} c5 {[%emt 0:00:08]} 4. exd5 {[%emt 0:01:48]} Qxd5 {[%emt 0:00:14]} 5. dxc5 {[%emt 0:02:55]} Bxc5 {[%emt 0:00:29]} 6. Ngf3 {[%emt 0:00:17]} Nf6 {[%emt 0:01:20]} 7. Bc4 {[%emt 0:00:44]} Qd6 {[%emt 0:02:08]} 8. O-O {[%emt 0:00:49]} Nc6 {[%emt 0:00:59] C07: French Tarrasch: 3...c5, 4 Ngf3 and 4 exd5 Qxd5} 9. Nb3 {[%emt 0:05:31]} Qxd1 {[%emt 0:03:23]} 10. Rxd1 {[%emt 0:00:01]} Bb6 {[%emt 0:01:48]} (10... Be7 11. c3 Bd7 12. a4 O-O 13. a5 Rfd8 14. a6 bxa6 15. Rxa6 Rac8 16. Be2 Nd5 {½-½ (36) Friedel,J (2505)-Robson,R (2631) Saint Louis 2014}) 11. Bg5 {[%emt 0:08:42]} Ng4 $146 {[%emt 0:01:16]} ({Predecessor:} 11... Bd7 12. Bh4 Rc8 13. Bf1 Ke7 14. c3 Rhd8 15. Rd2 Be8 16. Rad1 Rxd2 17. Rxd2 {½-½ (61) Hegedus,R (2039)-Biro,Z (2050) Hungary 2012}) 12. Bh4 {[%emt 0:01:31]} O-O {[%emt 0:00:17]} 13. h3 {[%emt 0:00:46]} Nge5 {[%emt 0:00:11]} 14. Be2 {[%emt 0:06:31]} Nxf3+ {[%emt 0:06:57]} 15. Bxf3 {[%emt 0:00:23]} Ne5 {[%emt 0:00:09]} 16. Be2 {[%emt 0:00:48]} f6 {[%emt 0:00:16]} 17. Bg3 {[%emt 0:00:44]} Nf7 {[%emt 0:00:53]} 18. Nd2 {[%emt 0:03:25]} e5 {[%emt 0:00:42]} 19. Nc4 {[%emt 0:06:13]} Bc5 {[%emt 0:00:15]} 20. Bf3 {[%emt 0:01:53]} Be6 {[%emt 0:02:11]} 21. Na5 {[%emt 0:03:08]} Nd6 {[%emt 0:04:24]} 22. Nxb7 {[%emt 0:03:58]} Nxb7 {[%emt 0:02:54]} 23. Bxb7 {[%emt 0:00:10]} Rab8 {[%emt 0:01:22]} 24. Bd5 {[%emt 0:00:03]} Bxd5 {[%emt 0:00:26]} 25. Rxd5 {[%emt 0:00:03]} Rfc8 {[%emt 0:00:47]} 26. b3 {[%emt 0:07:44]} Rb7 {[%emt 0:03:42]} 27. Rad1 {[%emt 0:02:52]} Bd4 {[%emt 0:00:55]} 28. Rd2 {[%emt 0:01:44]} Kf7 {[%emt 0:00:24]} 29. Kf1 {[%emt 0:01:02]} Ke6 {[%emt 0:00:22]} 30. c4 {[%emt 0:00:28]} Rc6 {[%emt 0:04:14]} 31. f4 {[%emt 0:01:04]} h5 {[%emt 0:05:09]} 32. fxe5 {[%emt 0:00:21]} fxe5 {[%emt 0:00:19]} 33. Ke2 {[%emt 0:09:02]} Rf7 {[%emt 0:02:50]} 34. Kd3 {[%emt 0:02:11]} Rf5 {[%emt 0:09:41]} 35. Re2 {[%emt 0:00:52]} Kf6 {[%emt 0:00:25]} 36. Be1 {[%emt 0:03:11]} Re6 {[%emt 0:01:58]} 37. c5 {[%emt 0:04:26]} Rc6 {[%emt 0:01:30]} 38. b4 {[%emt 0:02:19]} a5 {[%emt 0:01:36]} 39. a3 {[%emt 0:01:37]} axb4 {[%emt 0:00:12]} 40. axb4 {[%emt 0:00:02]} Ra6 {[%emt 0:00:22]} 41. Kc4 {[%emt 0:01:20]} Rf1 {[%emt 0:02:04]} 42. Kb5 {[%emt 0:00:26]} Ra1 {[%emt 0:00:15]} 43. Bg3 {[%emt 0:02:00]} Rf5 {[%emt 0:05:13]} 44. Kc6 {[%emt 0:01:36]} Ra6+ {[%emt 0:05:21]} 45. Kb7 {[%emt 0:00:58]} Ra3 {[%emt 0:00:29]} 46. Be1 {[%emt 0:02:43]} Kg6 {[%emt 0:02:00]} 47. b5 {[%emt 0:03:18]} Rf7+ {[%emt 0:00:18]} 48. Kc6 {[%emt 0:00:22]} Rb3 {[%emt 0:01:29]} 49. b6 {[%emt 0:02:42]} Kf5 {[%emt 0:00:35]} (49... Rf8 $142 50. Rd7 Rb1) 50. Bf2 {[%emt 0:01:18]} Rf6+ {[%emt 0:04:15]} 51. Kd7 {[%emt 0:01:06]} Bxf2 {[%emt 0:00:41]} 52. Rxf2+ {[%emt 0:01:02]} Ke4 {[%emt 0:00:01]} 53. Rfd2 {[%emt 0:01:15]} Ke3 {[%emt 0:02:11]} 54. Rc2 {[%emt 0:00:43]} e4 {[%emt 0:01:49]} 55. Rc4 $18 {[%emt 0:01:18]} Rd3 {[%emt 0:04:13]} 56. Rxe4+ {[%emt 0:01:26]} Kxe4 {[%emt 0:00:13]} 57. Rxd3 {[%emt 0:00:07]} Kxd3 {[%emt 0:00:09]} 58. c6 {[%emt 0:00:12]} Kd4 {[%emt 0:06:47]} 59. b7 {[%emt 0:00:16]} Kc5 {[%emt 0:02:24]} 60. c7 {[%emt 0:00:38]} Rf7+ {[%emt 0:00:26]} 61. Kd8 {[%emt 0:00:23]} Kd6 {[%emt 0:01:20]} 62. c8=N+ {[%emt 0:00:52]} Ke6 {[%emt 0:02:08]} 63. b8=Q {[%emt 0:00:45]} Kd5 1-0